| 000 | 01442cam a2200229 4500 | ||
|---|---|---|---|
| 001 | WB3831-13 | ||
| 008 | 020828n2002 000 0 eng u | ||
| 035 | _a(Sirsi) u119450 | ||
| 245 | _aRyde's Scale abandoned | ||
| 260 | _c2002 | ||
| 490 |
_aRICS Feature _v 28 August 2002, (2); RICS Professional _v October / November 2002, 43(1) |
||
| 520 | _aGovernment has confirmed the abolition of Ryde's Scale in its response to the planning green paper and a consultation draft of the revised circular on compulsory purchase orders (CPOs) which will replace DoE Circular 14/94. It is understood that claims settled before the 18 July will have proceeded with fees calculated in accordance with Ryde's Scale, unless this would not be a reasonable calculation. "Compulsory purchase powers, procedures and compensation: the way forward" available at "Consultation draft of revised circular on CPOs" available at www.planning.odpm.gov.uk/consult/0702/index.htm www.planning.odpm.gov.uk/consult/greenpap/comppow/index.htm www.rics.org/ricscms/bin/show?class=Feature&template=/includes/showfeature.html&id=329 | ||
| 590 | _aWB | ||
| 650 | _aRYDE'S SCALE | ||
| 650 |
_aCompulsory purchase _96228 |
||
| 650 | _aCOMPENSATION | ||
| 650 | _aPROFESSIONAL FEES | ||
| 650 | _aCOMPULSORY PURCHASE ORDERS | ||
| 650 | _aCPOS | ||
| 690 | _aENVIRONMENTAL AND LAND CONSULTANCY-PLANNING AND DEVELOPMENT-COMPULSORY PURCHASE AND COMPENSATION | ||
| 942 | _n0 | ||
| 999 |
_c71021 _d71021 |
||